000 00543nam a2200169 a 4500
005 20140412111304.0
008 000830s19uu xx 00 eng d
020 _a1-85830-019-3
050 _aREF 030
_bM21 1993
100 _aMcKie, Anne
245 _aThe Great big book of knowledge :
_bwith 1500 colour illustrations /
_cwritten by Anne McKie ; illustrated by Ken McKie.
260 _aLondon :
_bGrandreams Limited,
_c1993.
300 _a1 v. (unp.) ; ill.
650 _aEncyclopedias
650 _aPicture Encyclopedia
999 _c103576
_d103576